000 00554nam a2200193Ia 4500
003 OSt
005 20260309113614.0
008 210210b1994 xxu||||| |||| 00| 0 eng d
040 _cAL
041 _aHindi
082 _a864/120
100 _aDAS (Shyam Sunder)
_dदास (श्याम सुंदर)
_9258317
245 _aSahityalochan
_bसाहित्यालोचन
260 _aPrayAg
_bIndian Press Pvt Ltd.,
_c1994
650 _aSAhityalochan
_9258318
690 _aHindi Criticism
_9258319
906 _a023656
942 _2ddc
_cBK
999 _c148624
_d148624